| 000 | 00000nam 2200000zi 4500 |
| 001 | 9.936873 |
| 003 | CaOODSP |
| 005 | 20240416134034 |
| 006 | m o d f |
| 007 | cr mn||||||||| |
| 008 | 240416s2021 quc o f000 0 eng d |
| 040 | |aCaOODSP|beng|erda|cCaOODSP |
| 043 | |an-cn--- |
| 045 | |ay1y1 |
| 086 | 1 |aEn4-407/2021-1E-PDF |
| 245 | 00|aAt a glance : |baudit of project management, Environment and Climate Change Canada. |
| 264 | 1|a[Gatineau, Quebec] : |bEnvironment and Climate Change Canada = Environnement et changement climatique Canada, |c[2021] |
| 300 | |a1 online resource (5 pages) |
| 336 | |atext|btxt|2rdacontent |
| 337 | |acomputer|bc|2rdamedia |
| 338 | |aonline resource|bcr|2rdacarrier |
| 500 | |aIssued also in French under title: Regards sur l'audit : audit de la gestion de projets, Environnement et changement climatique Canada. |
| 610 | 10|aCanada. |bEnvironment and Climate Change Canada|xAuditing. |
| 650 | 0|aProject management|zCanada|xAuditing. |
| 710 | 1 |aCanada. |bEnvironment and Climate Change Canada. |bAudit and Evaluation Branch, |eissuing body. |
| 775 | 08|tRegards sur l'audit : |w(CaOODSP)9.936874 |
| 856 | 40|qPDF|s196 KB|uhttps://publications.gc.ca/collections/collection_2024/eccc/en4/En4-407-2021-1-eng.pdf |
| 856 | 4 |qHTML|sN/A|uhttps://www.canada.ca/en/environment-climate-change/corporate/transparency/priorities-management/internal-audits/audit-of-project-management/at-a-glance.html |